| 000 | 03362nam a2200373 i 4500 | ||
|---|---|---|---|
| 001 | 000039751 | ||
| 003 | DO-SdBNP | ||
| 005 | 20250123094959.0 | ||
| 007 | ta | ||
| 008 | 130718s2013 dr a r 000 0 spa d | ||
| 020 | _a9789993427209 | ||
| 040 |
_aDO-SdBNP _bspa _cBNPHU _erda |
||
| 041 | _aspa | ||
| 082 | 4 |
_a972.93053 _bV422v _222 |
|
| 100 | 1 |
_aVega, Bernardo, _d1938 - _eautor _4aut. _93222 |
|
| 245 | 1 | 3 |
_aLa vida cotidiana dominicana a través del archivo particular del generalísimo / _cBernardo Vega ; cuidado de edición, José Chez Checo. |
| 250 | _aSegunda edición | ||
| 264 | 1 |
_aSanto Domingo República Dominicana : _bEditora Fundación Cultural Dominicana, _c2013. |
|
| 300 |
_a214 páginas : _bilustraciones ; _c28 cm. |
||
| 336 |
_atexto _btxt _2rdacontent |
||
| 337 |
_asin mediación _bn _2rdamedia |
||
| 338 |
_avolumen _bnc _2rdacarrier |
||
| 500 | _aIncluye índice onomástico | ||
| 500 | _aIncluye datos biográficos del autor en las solapas | ||
| 505 | _a | ||
| 505 | _aIntroducción, 9.-- Glosario, 13.-- Los peligros, 15.-- El peligro de estar borracho, 17.-- El peligro de ser niño, 21.-- El peligro de expresar u oír inconveniencias, 25.-- El peligro de estudiar química, 35.-- El peligro de los brindis, 37.-- El peligro hasta en el Himno y la Bandera, 41.-- La diplomacia, 43.-- Los extraños servicios que se le solicitan a nuestro servicio diplomático, 45.-- El tratamiento dado a diplomáticos de gobiernos desafectos, 51.-- Correspondencia entre altos funcionarios de la nación, 55.-- Aspectos religiosos, 61.-- Un sacerdote criollo protesta por el derramamiento de sangre, 63.-- Un arzobispo extranjero protesta por los protestantes, 73.-- Testigos de Jehová = Comunistas, 79.-- La Iglesia hostil, 95.-- El comunismo, 101.-- El comunismo como trastornador de cerebros, 103.-- Las efigies de Stalin y Trujillo, 105.-- El comunismo y las "cosas extraordinarias" durante el período de tolerancia (1945-1946), 107.-- El comunismo y cómo combatirlo con actos culturales, 109.-- El comunismo durante la Guerra Fría, 113.-- Un Dilema Histórico, 115.-- Haití y la pureza de la sangre, la religión y el lenguaje, 121.-- La personalidad del dictador, 149.-- El Generalísimo ofrece cátedras de economía, 151.-- Un hombre seguro de sí mismo, 157.-- Correspondencia con sus ministros, 163.-- Correspondencia de Trujillo con uno de sus generales, 169.-- El Servicio de Inteligencia, 173.-- El Problema es que a los veganos la intelectualización les ha puesto los cerebros inquietos, 175.-- Las indiscreciones del Servicio Secreto, 183.-- El Servicio Secreto vigila hasta a los ancianos centenarios, 187.-- Recomendaciones de un ruso blanco, 189.-- Se espía a los supuestos nazistas, 191.-- El Servicio Secreto escucha hasta en los sanitarios, 193.-- Ya Turquilán está limpio, 195.-- La represión a nivel nacional, 197.-- Se suicidaron ellos mismos, 199.-- Índice onomástico, 203. | ||
| 590 | _aInventariado, 2018/BT | ||
| 600 | 1 | 4 |
_aTrujillo Molina, Rafael Leónidas, _d1891-1961 _954950 |
| 651 | 4 |
_aRepública Dominicana _xVida social y costrumbres _yEra de Trujillo, 1930-1961 _952993 |
|
| 651 | 4 |
_aRepública Dominicana _xPolítica y gobierno _yEra de Trujillo, 1930-1961 _91374 |
|
| 700 | 1 |
_aChez Checo, José, _eeditor _4ed. _980381 |
|
| 910 | _aValidado. control de calidad. MFF | ||
| 942 |
_2ddc _cLBS1 |
||
| 999 |
_c39241 _d39241 |
||